000 00562nam a2200181Ia 4500
003 GCL
008 140319s9999 xx 000 0 ara d
040 _aGCL /
_cGCL
082 0 4 _a336
_bع م
100 1 _aعبدالله الشيخ محمود طاهر
245 1 0 _aمقدمة فى اقتصاديات المالية العامة /
_cعبدالله الشيخ محمود طاهر
300 _a478
490 _aكتاب
_v0
650 0 4 _aالاقتصاد
650 0 4 _aالسياسة الاقتصادية
650 0 4 _aالميزانية
942 _2ddc
_cBK
999 _c41211
_d41211